=LDR 00000nam 2200000 4500 =001 INLIS000000000023018 =005 20180215010420 =035 ##$$a 0010-061300000023018 =008 180215###########################0#ind## =041 ##$$a Ind =082 ##$$a 410.7 =090 ##$$a 410.7, Mar b =100 ##$$a Maryati =245 1#$$a Bahasa dan sastra indonesia untuk SMP kelas VIII, /$c Maryati =260 ##$$a Semarang :$b Depdiknas,$c 2005 =300 ##$$a vi, 186 hlm, : $b ilus, ; $c 28 cm =650 ##$$a Bahasa Indonesia-Studi dan pengajaran =850 ##$$a NBPNMAT =084 ##$$a 410.7 MAR b =990 ##$$a 40024002 =990 ##$$a 21009584